00906cam a22002651 4500001001300000003000400013005001700017008004100034010001700075035001900092040002400111042001200135050002300147080001200170100003500182245007200217260001900289300006300308490006900371502001800440504002800458650004400486650004600530650006400576gs 53000114 DLC20260227111359.0780828s1952 gauab b s000 0 eng  ags 53000114  a(OCoLC)4171798 aDLCcUUdOCoLCdDLC apremarc00aQE101b.A12 no. 59 a557/.581 aClarke, James W.q(James Wood)10aGeology and mineral resources of the Thomaston quadrangle, Georgia. aAtlantac1952. ax,99p.billus.,maps(1 fold. col. in pocket) tables.c23cm.0 aGeorgia. State Division of Conservation. The Geological Survey aThesis--Yale. a"References": p. 97-99. 0aGeologyzGeorgiazThomaston quadrangle. 0aPetrologyzGeorgiazThomaston quadrangle. 0aMines and mineral resourceszGeorgiazThomaston quadrangle.